LEADER 01013nam0 2200289 450 001 000022971 005 20090213130523.0 100 $a20090213d1972----km-y0itay50------ba 101 1 $aita$ceng 102 $aGB 105 $ay-------001yy 200 1 $a<>rivoluzione copernicana$el'astronomia planetaria nello sviluppo del pensiero occidentale$fThomas S. Kuhn 205 $a2. ed. 210 $aTorino$cEinaudi$d1972 215 $aXIX, 363 p.$d18 cm 225 2 $aPiccola biblioteca Einaudi$v182 300 $aTrad. di T. Gaino 410 0$12001$aPiccola biblioteca Einaudi 500 10$a<>Copernican revolution$m$946093 610 1 $aCopernico, Nicoḷ$aSistema copernicano 676 $a520.9$v21$9Astronomia e scienze connesse. Storia, geografia, persone 700 1$aKuhn,$bThomas S.$028276 801 0$aIT$bUNIPARTHENOPE$c200900212$gRICA$2UNIMARC 912 $a000022971 951 $aS 520.9/2$bS 1198$cDSA$d2009 996 $aCopernican revolution$946093 997 $aUNIPARTHENOPE